Corde nouée #2 Pays - Statistiques

Statistiques générales
  • Ce quiz a été pris 231 fois
  • Le résultat moyen est 13 sur 22
Statistiques - réponses
Question Réponse % Correct
Sa capitale est Brasilia BRESIL
100%
Ils le sont quand ils quittent la prison Libres
85%
On y prend le train Gare
77%
Harry Potter en a une invisible Cape
71%
Un mec tout simplement Gars
70%
Au restaurant, c'est l'équivalent du Menu CARTE
69%
Publier sur un réseau social Poster
69%
Pas loin du tout Prés
69%
Poisson ou groupe d'os du poignet (+1) Carpe
66%
Pas amateurs (-1) Pros
66%
Mettre là (-1) POSER
61%
Département français de l'Occitanie Gers
58%
Forme ordinaire du discours oral ou écrit Prose
56%
Roche sédimentaire détritique GRES
54%
Un arrosoir en contient plusieurs LITRES
54%
Empreinte Trace
50%
Bretagne, AURA, Paris, PACA par exemple France
48%
Il faut _ _ _ _ _ _ les choses à faire Lister
48%
Épier Pister
44%
Outil pour éplucher Râpe
40%
Genre de musique électronique (+1) Trance
37%
On en voit une seule fois dans toute sa vie Rare
33%
Aucun quiz correspondant
Distribution des résultats
% des personnes avec chaque résultat
Percentile par nombre de réponses
Votre historique - résultats
Vous n’avez pas pris ce quiz